[Event "AUTO-OPEN-34"]
[Site "http://www.queenalice.com/game.php?id=24732"]
[Date "2005.8.19"]
[Round "3"]
[White "Lumpy_Custard"]
[Black "lea_dc"]
[Result "1-0"]
[WhiteElo "1889"]
[BlackElo "1454"]

1. Nf3 d5 2. d4 Nf6 3. g3 e6 4. Bg2 c5 5. c3 Be7 6. O-O O-O 7. Nbd2 Nc6 8. Re1
cxd4 9. cxd4 Bd7 10. a3 Qc7 11. e4 dxe4 12. Nxe4 Rfd8 13. Qc2 Rac8 14. Bf4 Qb6
15. Qd2 Be8 16. Rad1 Nd5 17. Be3 Nxe3 18. fxe3 Qc7 19. Nc3 Na5 20. Qe2 Nc4 21.
Rc1 Qd7 22. Red1 Rc7 23. d5 Bc5 24. Nd4 exd5 25. Nxd5 Rcc8 26. Rxc4 1-0

[Event "Challenge"]
[Site "http://www.queenalice.com/game.php?id=30216"]
[Date "2005.9.24"]
[Round "-"]
[White "Lumpy_Custard"]
[Black "igorrs"]
[Result "0-1"]
[WhiteElo "1873"]
[BlackElo "1877"]

1. Nf3 Nf6 2. g3 b6 3. d4 Bb7 4. Nbd2 e6 5. Bg2 c5 6. c3 d5 7. O-O Nbd7 8. Qa4
a6 9. Ne5 b5 10. Qd1 Bd6 11. Nxd7 Qxd7 12. dxc5 Bxc5 13. Nb3 Bb6 14. Bf4 O-O 15.
Qc2 Rac8 16. Qd2 Nh5 17. Be3 Bxe3 18. Qxe3 Qc7 19. Rad1 Rfe8 20. Rfe1 Nf6 21.
Nd4 Ng4 22. Qd2 Ne5 23. e4 Nc4 24. Qc2 dxe4 25. Bxe4 Bxe4 26. Rxe4 Red8 27. Re2
Rd5 28. Rc1 Nxb2 29. Qxb2 Rxd4 30. cxd4 Qxc1+ 31. Qxc1 Rxc1+ 32. Kg2 Kf8 33. Kf3
Rc4 34. Ke3 Ke7 35. Kd3 Kd6 36. f4 f6 37. Re4 Ra4 0-1

[Event "AUTO-OPEN-34"]
[Site "http://www.queenalice.com/game.php?id=32006"]
[Date "2005.10.6"]
[Round "4"]
[White "Brandt"]
[Black "Lumpy_Custard"]
[Result "0-1"]
[WhiteElo "1877"]
[BlackElo "1857"]

1. d4 Nf6 2. c4 g6 3. g3 Bg7 4. Bg2 O-O 5. Nf3 d6 6. O-O c6 7. Nc3 Nbd7 8. e4 e5
9. d5 Nc5 10. dxc6 bxc6 11. Qc2 Ba6 12. b3 Rc8 13. Bg5 h6 14. Be3 Qe7 15. Bxc5
dxc5 16. Rad1 Rfd8 17. Rxd8+ Rxd8 18. Rd1 Rxd1+ 19. Qxd1 Nd7 20. Bh3 Nb6 21. Ne2
Bc8 22. Bxc8 Nxc8 23. Nc1 Qd6 24. Qxd6 Nxd6 25. Nd2 h5 26. h4 Bh6 27. f4 exf4
28. Nf1 fxg3 29. Nd3 Nxe4 30. Kg2 f6 31. Nxg3 Nxg3 32. Kxg3 Be3 33. Kf3 Bd4 34.
Nf4 Kf7 35. Ke4 Bf2 0-1

[Event "AUTO-OPEN-34"]
[Site "http://www.queenalice.com/game.php?id=32007"]
[Date "2005.10.6"]
[Round "4"]
[White "Lumpy_Custard"]
[Black "Brandt"]
[Result "0-1"]
[WhiteElo "1891"]
[BlackElo "1836"]

1. Nf3 Nf6 2. g3 b6 3. Bg2 Bb7 4. O-O e6 5. d4 c5 6. Bg5 Be7 7. c3 O-O 8. Nbd2
h6 9. Bxf6 Bxf6 10. e4 cxd4 11. cxd4 d6 12. Qe2 Ba6 0-1

[Event "Challenge"]
[Site "http://www.queenalice.com/game.php?id=33157"]
[Date "2005.10.14"]
[Round "-"]
[White "Lumpy_Custard"]
[Black "toptester"]
[Result "1-0"]
[WhiteElo "1911"]
[BlackElo "1416"]

1. Nf3 d6 2. g3 Nf6 3. Bg2 e5 4. d3 Nc6 5. O-O Be7 6. e4 O-O 7. c3 b6 8. Nbd2 d5
9. Re1 dxe4 10. dxe4 a5 11. Nc4 Ba6 12. Ncxe5 Nxe5 13. Nxe5 Qd6 14. Qxd6 cxd6
15. Nc6 Rfe8 16. Nxe7+ Rxe7 17. Bg5 h6 18. Bxf6 gxf6 19. e5 fxe5 20. Bxa8 Re8
21. Bg2 b5 22. Rad1 Rd8 23. Rd2 f5 24. Rxe5 Bc8 25. Bh3 Rf8 26. Rxd6 f4 27. Bxc8
Rxc8 28. Rxh6 b4 29. Rxa5 bxc3 30. bxc3 f3 31. Ra3 Kg7 32. Rd6 Kf7 33. Rd3 Rb8
34. Rxf3+ Ke8 35. Kg2 Rc8 36. Ra4 Rb8 37. Re4+ Kd7 38. Rd3+ Kc8 39. Rc4+ Kb7 40.
Rb4+ Kc8 41. Rxb8+ Kxb8 42. h4 Kb7 43. h5 Kb6 44. h6 Kc5 45. Rd4 Kb5 46. h7 Kc5
47. h8=Q Kb5 48. Qe5+ Kc6 49. Rd6+ Kc7 50. Qe7+ Kc8 51. Rd8# 1-0

[Event "AUTO-MASTER-05"]
[Site "http://www.queenalice.com/game.php?id=36650"]
[Date "2005.11.6"]
[Round "2"]
[White "dnptrs"]
[Black "Lumpy_Custard"]
[Result "1/2-1/2"]
[WhiteElo "1958"]
[BlackElo "1874"]

1. d4 Nf6 2. Nf3 d6 3. e3 g6 4. Be2 Bg7 5. O-O O-O 6. c4 Nbd7 7. Nc3 e5 8. d5
Nc5 9. b4 Nce4 10. Nxe4 Nxe4 11. Bb2 h6 12. Nd2 Nxd2 13. Qxd2 f5 14. Bf3 Bd7 15.
e4 f4 16. Rac1 Qh4 17. Rc2 g5 18. g3 fxg3 19. fxg3 Qh3 20. c5 Bb5 21. Rf2 Rf7
22. Bg2 Qd7 23. Rxf7 Qxf7 24. Qf2 Rf8 25. Bh3 Qxf2+ 26. Rxf2 Rxf2 27. Kxf2 Kf8
28. Be6 Ke7 29. h4 gxh4 30. gxh4 Bd7 31. Bxd7 Kxd7 32. h5 1/2-1/2

[Event "AUTO-MASTER-05"]
[Site "http://www.queenalice.com/game.php?id=36651"]
[Date "2005.11.6"]
[Round "2"]
[White "Lumpy_Custard"]
[Black "dnptrs"]
[Result "1-0"]
[WhiteElo "1866"]
[BlackElo "1945"]

1. Nf3 d5 2. g3 Nf6 3. d3 c6 4. Bg2 e6 5. O-O Be7 6. Nbd2 O-O 7. e4 Nbd7 8. c3
Qc7 9. exd5 exd5 10. d4 Bd6 11. Re1 Nb6 12. Qc2 Bd7 13. Ne5 Be6 14. Ndf3 h6 15.
Nh4 Rac8 16. Nf5 Nfd7 17. Nxd7 Nxd7 18. Nxd6 Qxd6 19. Bf4 Qe7 20. Re2 Qd8 21.
Rae1 b5 22. a4 Nb6 23. a5 Nc4 24. b4 Re8 25. Bh3 Qd7 26. Bxe6 fxe6 27. Qg6 a6
28. Bxh6 Qf7 29. Qxf7+ Kxf7 30. Bf4 Kf6 31. h4 Kf5 32. Kg2 Kf6 33. f3 g6 34. g4
Kg7 35. Be5+ Nxe5 36. Rxe5 Kf7 37. Kg3 Re7 38. f4 Rg8 39. h5 gxh5 40. Rxh5 Ke8
41. Reh1 Rf8 42. Rh8 Rf7 43. Rxf8+ 1-0

[Event "AUTO-MASTER-05"]
[Site "http://www.queenalice.com/game.php?id=36652"]
[Date "2005.11.6"]
[Round "2"]
[White "NextFuture"]
[Black "Lumpy_Custard"]
[Result "1-0"]
[WhiteElo "2014"]
[BlackElo "1877"]

1. c4 Nf6 2. Nc3 g6 3. e4 d6 4. d4 Bg7 5. Be2 O-O 6. Bg5 Nbd7 7. Nf3 c5 8. d5
Qa5 9. O-O h6 10. Bf4 Nh5 11. Bd2 Qd8 12. Ne1 Nhf6 13. f4 a6 14. Nd3 Qc7 15. Bf3
Rb8 16. a4 b6 17. Qe2 Nh7 18. Rae1 Bd4+ 19. Kh1 f6 20. Bg4 Kg7 21. Be6 Rb7 22.
Qg4 Nb8 23. f5 Ng5 24. h4 h5 25. Qg3 1-0

[Event "AUTO-MASTER-05"]
[Site "http://www.queenalice.com/game.php?id=36653"]
[Date "2005.11.6"]
[Round "2"]
[White "Lumpy_Custard"]
[Black "NextFuture"]
[Result "1-0"]
[WhiteElo "1887"]
[BlackElo "2040"]

1. Nf3 e6 2. g3 f5 3. d4 Nf6 4. Bg5 Be7 5. Bg2 O-O 6. O-O Qe8 7. Nbd2 Nc6 8.
Bxf6 Bxf6 9. c3 d6 10. e4 fxe4 11. Nxe4 e5 12. Nxf6+ Rxf6 13. dxe5 dxe5 14. Re1
Bg4 15. h3 Bh5 16. g4 Bf7 17. Ng5 Rd8 18. Qe2 Bg6 19. Ne4 Rf4 20. Rad1 Rxd1 21.
Rxd1 h6 22. Nc5 b6 23. Bxc6 Qxc6 24. Rd8+ Kh7 25. Nd7 Qd6 26. Nf8+ Rxf8 27. Rxd6
cxd6 28. f3 Rf4 29. Kg2 e4 30. fxe4 Bxe4+ 31. Kh2 d5 32. Kg1 Rf3 33. Kh2 Rf7 34.
c4 Rc7 35. b3 b5 36. cxd5 1-0

[Event "Challenge"]
[Site "http://www.queenalice.com/game.php?id=41771"]
[Date "2005.12.5"]
[Round "-"]
[White "Lumpy_Custard"]
[Black "araujoime"]
[Result "1-0"]
[WhiteElo "1917"]
[BlackElo "1475"]

1. Nf3 e6 2. g3 Bc5 3. Bg2 Nh6 4. d4 Bb6 5. O-O O-O 6. Bxh6 gxh6 7. e4 Kh8 8.
Qd2 d6 9. Qxh6 f5 10. Ng5 Qe7 11. c3 Rf6 12. Qh5 Rg6 13. h4 fxe4 14. Bxe4 Rg7
15. Nd2 e5 16. dxe5 dxe5 17. Nc4 Bh3 18. Rfd1 Na6 19. Nxb6 axb6 20. Nxh3 Nc5 21.
Bc2 Qe6 22. Ng5 Qe7 23. Rd2 Rd8 24. Rxd8+ Qxd8 25. Nf7+ Rxf7 26. Qxf7 Qg8 27.
Qxc7 Ne6 28. Qxe5+ Ng7 29. h5 h6 30. Bb3 Qf8 31. Re1 b5 32. Qxb5 Qd8 33. Qd5 Qf8
34. Re4 b6 35. Rf4 Qg8 36. Qxg8# 1-0

[Event "Challenge from Chris Lewis"]
[Site "http://www.queenalice.com/game.php?id=43214"]
[Date "2005.12.12"]
[Round "-"]
[White "Lumpy_Custard"]
[Black "Happytab"]
[Result "1-0"]
[WhiteElo "1885"]
[BlackElo "1533"]

1. Nf3 Nc6 2. d4 d6 3. c4 Be6 4. d5 Bf5 5. dxc6 bxc6 6. Nc3 g6 7. e4 Bd7 8. Bd3
e5 9. Be3 f5 10. exf5 gxf5 11. Ng5 f4 12. Qh5+ Ke7 13. Qf7# 1-0

[Event "Challenge from Chris Lewis"]
[Site "http://www.queenalice.com/game.php?id=43215"]
[Date "2005.12.12"]
[Round "-"]
[White "Happytab"]
[Black "Lumpy_Custard"]
[Result "0-1"]
[WhiteElo "1504"]
[BlackElo "1909"]

1. e4 c5 2. Nc3 e6 3. Bc4 Nc6 4. d3 a6 5. Nf3 b5 6. Bb3 d6 7. a4 b4 8. Ne2 Nf6
9. h4 Qc7 10. Bf4 Be7 11. Qd2 Bb7 12. O-O-O Na5 13. Ba2 e5 14. Be3 c4 15. Qxb4
cxd3 16. Rxd3 Nd7 17. Ng5 O-O 18. Rc3 Qd8 19. Rh3 d5 20. Bc5 Bxc5 21. Rxc5 Nxc5
22. Qxc5 Rc8 23. Qb4 dxe4 24. Qxe4 Bxe4 25. Bb1 Bxg2 26. Rg3 Bb7 27. Rd3 Qxd3
28. Nc3 Qf1+ 29. Nd1 Nb3# 0-1

[Event "Challenge"]
[Site "http://www.queenalice.com/game.php?id=44568"]
[Date "2005.12.21"]
[Round "-"]
[White "Happytab"]
[Black "Lumpy_Custard"]
[Result "0-1"]
[WhiteElo "1449"]
[BlackElo "1913"]

1. c4 Nf6 2. b3 e6 3. e3 d5 4. cxd5 exd5 5. Ba3 Bd6 6. Bxd6 Qxd6 7. Nc3 O-O 8.
Nb5 Qb6 9. Qc2 c6 10. Nd6 Nbd7 11. Nf3 Qc7 12. Nxc8 Raxc8 13. Ng5 h6 14. Nf3
Rfe8 15. Nd4 a6 16. g3 c5 17. Nf5 d4 18. Rc1 b5 19. Bh3 dxe3 20. Nxe3 Rcd8 21.
O-O Qe5 22. Rfe1 Qh5 23. Bg4 Nxg4 24. Nxg4 Qxg4 25. Rxe8+ Rxe8 26. Kg2 Qe4+ 27.
Qxe4 Rxe4 28. d3 Re2 29. Ra1 Rd2 30. a4 Rxd3 31. axb5 axb5 32. Ra8+ Kh7 33. Ra5
Rxb3 34. Ra7 Rd3 35. Rc7 b4 36. Rb7 b3 37. g4 c4 38. Kf1 Nc5 39. Rc7 b2 40. Rxc5
b1=Q+ 41. Kg2 Qb7+ 42. f3 Qxf3+ 43. Kg1 Rd1# 0-1

[Event "Challenge"]
[Site "http://www.queenalice.com/game.php?id=46613"]
[Date "2006.1.6"]
[Round "-"]
[White "Lumpy_Custard"]
[Black "Happytab"]
[Result "1-0"]
[WhiteElo "1915"]
[BlackElo "1445"]

1. Nf3 d6 2. d4 f6 3. g3 Nc6 4. Bg2 Be6 5. O-O h5 6. d5 Bf5 7. dxc6 bxc6 8. Nd4
g6 9. Nxf5 gxf5 10. Bxc6+ Kf7 11. Bxa8 Qxa8 12. c4 Nh6 13. Qd5+ Qxd5 14. cxd5
Rg8 15. Be3 Ng4 16. Bxa7 Rh8 17. Na3 Rg8 18. Rac1 h4 19. Rxc7 f4 20. Nc4 Kg6 21.
h3 Nh6 22. gxf4 Nf5 23. Kh2 Kh5 24. Rg1 Bg7 25. b4 Kh6 26. b5 Nd4 27. Bxd4 Kh7
28. Rxe7 f5 29. Bxg7 Re8 30. Bf8+ Kh8 31. Rxe8 Kh7 32. Nxd6 Kh8 33. Nf7+ Kh7 34.
Rg7# 1-0

[Event "Another"]
[Site "http://www.queenalice.com/game.php?id=52033"]
[Date "2006.2.10"]
[Round "-"]
[White "Lumpy_Custard"]
[Black "Happytab"]
[Result "1-0"]
[WhiteElo "1919"]
[BlackElo "1458"]

1. d4 d5 2. g3 b5 3. Bg2 Bb7 4. Nf3 Nc6 5. O-O g6 6. Nbd2 e6 7. e4 Bg7 8. c3 f5
9. exf5 gxf5 10. Re1 Qe7 11. Qe2 Nf6 12. Ng5 Ne4 13. Ndxe4 dxe4 14. Qxb5 Rb8 15.
Qe2 h6 16. Nh3 Rd8 17. Qh5+ Kd7 18. Nf4 Qf6 19. Be3 Rhf8 20. Rad1 Ne7 21. d5 e5
22. Ne6 Nxd5 23. Nxf8+ Rxf8 24. c4 f4 25. Bxa7 Qa6 26. Qg4+ Ke7 27. Bc5+ Ke8 28.
cxd5 Rf7 29. Bxe4 Qxa2 30. Qe6+ Kd8 31. Qxf7 Bh8 32. Qf8+ Kd7 33. Bf5# 1-0

[Event "6th Time Lucky ?"]
[Site "http://www.queenalice.com/game.php?id=53382"]
[Date "2006.2.16"]
[Round "-"]
[White "Lumpy_Custard"]
[Black "Happytab"]
[Result "1-0"]
[WhiteElo "1921"]
[BlackElo "1445"]

1. c4 b6 2. Nc3 c5 3. g3 Bb7 4. e4 Nf6 5. Bg2 g6 6. d3 h5 7. Nf3 d6 8. O-O Bg7
9. Bg5 Nbd7 10. Rc1 Qc7 11. Qd2 Rh6 12. Bxh6 Bxh6 13. Qxh6 e6 14. Rfe1 Ng4 15.
Qd2 a6 16. h3 Nge5 17. Nxe5 Nxe5 18. f4 Nd7 19. f5 gxf5 20. exf5 Ne5 21. Ne4 Nd7
22. fxe6 fxe6 23. Qh6 a5 24. Qxh5+ Kd8 25. Qh8+ Ke7 26. Qg7+ Kd8 27. Rf1 Qb8 28.
Rf7 Bc6 29. Rcf1 Kc8 30. Qg8+ Kb7 31. Qxb8+ Rxb8 32. Nxd6+ Kc7 33. Nb5+ Kb7 34.
Rxd7+ Kc8 35. Bxc6 a4 36. Rf8# 1-0

[Event "Let's Play Chess!"]
[Site "http://www.queenalice.com/game.php?id=57054"]
[Date "2006.3.12"]
[Round "-"]
[White "dnptrs"]
[Black "Lumpy_Custard"]
[Result "1-0"]
[WhiteElo "1996"]
[BlackElo "1923"]

1. d4 Nf6 2. Nf3 g6 3. e3 Bg7 4. Be2 O-O 5. c4 d6 6. Nc3 Nbd7 7. a3 e5 8. O-O c6
9. d5 cxd5 10. Nxd5 Nxd5 11. Qxd5 Nb6 12. Qd2 Be6 13. b3 e4 14. Nd4 a6 15. Bb2
Qe7 16. Nxe6 Qxe6 17. Bxg7 Kxg7 18. Qd4+ 1-0

[Event "Let's Play Chess!"]
[Site "http://www.queenalice.com/game.php?id=57063"]
[Date "2006.3.15"]
[Round "-"]
[White "Lumpy_Custard"]
[Black "man_from_mars"]
[Result "1-0"]
[WhiteElo "1920"]
[BlackElo "1742"]

1. Nf3 Nf6 2. g3 g6 3. Bg2 Bg7 4. O-O O-O 5. d3 d6 6. e4 Bg4 7. Nbd2 Nc6 8. c3
Ne5 9. Qc2 c5 10. h3 Be6 11. Ng5 d5 12. Nxe6 fxe6 13. f4 Nc6 14. f5 exf5 15.
exf5 Nh5 16. Rf3 Qd6 17. Nf1 Rad8 18. Bf4 Nxf4 19. Rxf4 e6 20. fxg6 hxg6 21. Rg4
Rf6 22. Re1 Rdf8 23. d4 cxd4 24. cxd4 Rf2 25. Qxg6 R8f7 26. Rxe6 Qf8 27. Rf4
R2xf4 28. gxf4 Rxf4 29. Re8 Nxd4 30. Rxf8+ Rxf8 31. Bxd5+ Kh8 32. Qh5+ 1-0

[Event "Let's Play Chess!"]
[Site "http://www.queenalice.com/game.php?id=57064"]
[Date "2006.3.15"]
[Round "-"]
[White "man_from_mars"]
[Black "Lumpy_Custard"]
[Result "0-1"]
[WhiteElo "1752"]
[BlackElo "1910"]

1. e4 c5 2. Nf3 d6 3. Bb5+ Bd7 4. Nc3 Nf6 5. Qe2 e6 6. d4 cxd4 7. Nxd4 Be7 8.
Be3 O-O 9. O-O-O a6 10. Bd3 Qc7 11. Nb3 b5 12. f3 Nc6 13. Qf2 Rab8 14. h4 b4 15.
Na4 a5 16. g4 Bd8 17. h5 Ne5 18. Ba7 Nxd3+ 19. Rxd3 Rb7 20. g5 Nxe4 21. fxe4
Rxa7 22. g6 h6 23. Rf3 Bxa4 24. Nd4 Bg5+ 25. Kb1 Qc5 26. Rf1 Bf6 27. gxf7+ Rfxf7
28. Rxf6 Rxf6 29. Nf3 Qxf2 30. Rxf2 Bc6 31. Kc1 Bxe4 0-1

[Event "Challenge"]
[Site "http://www.queenalice.com/game.php?id=64832"]
[Date "2006.4.22"]
[Round "-"]
[White "Happytab"]
[Black "Lumpy_Custard"]
[Result "0-1"]
[WhiteElo "1504"]
[BlackElo "1929"]

1. e4 c5 2. d4 cxd4 3. Bd2 Nc6 4. Bd3 Nf6 5. c3 e6 6. Qf3 Be7 7. Ne2 O-O 8. cxd4
Nb4 9. Qh3 Nxd3+ 10. Kf1 Nxb2 11. Nf4 Nxe4 12. Nh5 Nxd2+ 13. Nxd2 Qa5 14. Ne4
Kh8 15. Qg4 Rg8 16. Ng5 Qxg5 17. Qh3 b6 18. Qf3 d5 19. Qxf7 Rf8 20. h4 Rxf7 21.
hxg5 Bxg5 22. Rb1 Nd3 23. Ke2 Ba6 24. f4 Nxf4+ 25. Kd1 Rc8 0-1